Southville International School and Colleges
Your cart is empty.
  • Cart
  • Lists
    Public lists Eva Luna New books Lux_list list_1
    Your lists Log in to create your own lists
  • Log in to your account
  • Your cookies
  • Search history
Southville International School and Colleges
  • Advanced search
  • Recent comments
  • Most popular
  • Libraries

Log in to your account

Log in with GOOGLE


If you do not have an external account, but do have a local account, you can still log in:

  1. Home
  2. MARC view: Arificial intelligence programming with python from zero to zero
Normal view MARC view ISBD view

Arificial intelligence programming with python from zero to zero (Record no. 365866)

[ view plain ]
MARC details
000 -LEADER
fixed length control field 00681nam a22002057a 4500
003 - CONTROL NUMBER IDENTIFIER
control field 0
005 - DATE AND TIME OF LATEST TRANSACTION
control field 20240117103102.0
008 - FIXED-LENGTH DATA ELEMENTS--GENERAL INFORMATION
fixed length control field 240117b xxu||||| |||| 00| 0 eng d
020 ## - INTERNATIONAL STANDARD BOOK NUMBER
International Standard Book Number 978-1-119-82086-4
050 ## - LIBRARY OF CONGRESS CALL NUMBER
Classification number QA 76
Item number .X53 2022
100 ## - MAIN ENTRY--PERSONAL NAME
Personal name Xiao, Perry
245 ## - TITLE STATEMENT
Title Arificial intelligence programming with python from zero to zero
Statement of responsibility, etc Perry Xiao
260 ## - PUBLICATION, DISTRIBUTION, ETC. (IMPRINT)
Place of publication, distribution, etc Hoboken, New Jersey
Name of publisher, distributor, etc John Wiley & Sons, Inc.
Date of publication, distribution, etc c2022.
300 ## - PHYSICAL DESCRIPTION
Extent xxix, 681 pages ;
Dimensions 24 cm.
504 ## - BIBLIOGRAPHY, ETC. NOTE
Bibliography, etc Includes bibliographical references, index, and glossary.
650 ## - SUBJECT ADDED ENTRY--TOPICAL TERM
Topical term or geographic name as entry element Computer science.
650 ## - SUBJECT ADDED ENTRY--TOPICAL TERM
Topical term or geographic name as entry element Electronic digital computers.
650 ## - SUBJECT ADDED ENTRY--TOPICAL TERM
Topical term or geographic name as entry element Electronic data processing.
942 ## - ADDED ENTRY ELEMENTS (KOHA)
Source of classification or shelving scheme Library of Congress Classification
Koha item type Books
Holdings
Withdrawn status Lost status Source of classification or shelving scheme Damaged status Home library Current library Shelving location Date acquired Source of acquisition Sub Shelving location Total Checkouts Full call number Barcode Date last seen Price effective from Koha item type
    Library of Congress Classification   College Library College Library Reserve Section 01/17/2024 Library Fund     QA 76 .X53 2022 C23270 01/17/2024 01/17/2024 Books

Arificial intelligence programming with python from zero to zero

APA

Xiao P., . (2022). Arificial intelligence programming with python from zero to zero. Hoboken, New Jersey: John Wiley & Sons, Inc.

Chicago

Xiao Perry, . 2022. Arificial intelligence programming with python from zero to zero. Hoboken, New Jersey: John Wiley & Sons, Inc.

Harvard

Xiao P., . (2022). Arificial intelligence programming with python from zero to zero. Hoboken, New Jersey: John Wiley & Sons, Inc.

MLA

Xiao Perry, . Arificial intelligence programming with python from zero to zero. Hoboken, New Jersey: John Wiley & Sons, Inc. 2022.

  • Place hold
  • Print
  • Cite
  • Add to your cart (remove)
  • Save record
    BIBTEX Dublin Core MARCXML MARC (non-Unicode/MARC-8) MARC (Unicode/UTF-8) MARC (Unicode/UTF-8, Standard) MODS (XML) RIS
  • More searches
    Search for this title in:
    Other Libraries (WorldCat) Other Databases (Google Scholar) Online Stores (Bookfinder.com) Open Library (openlibrary.org)

Exporting to Dublin Core...

SOUTHVILLE LIBRARY

Southville International School and Colleges Library

1281 Tropical Ave. Cor. Luxembourg St., BF Homes International, Las Pinas City

Tel. No. 8256374 / 252358 Loc. 117/146

Powered by Koha